00682nam a22001817a 4500952013000000999001700130003000900147005001700156008004100173040002300214082001400237245010400251260006000355300002400415650002000439700002900459942001200488 00102ddc40708NFICaASLbASLcGENd2021-06-29eComplimentaryl0o922 CAIp110020r2021-06-29 00:00:00tC-1w2021-06-29yBK c25283d25283BDDh-ASL20231015030454.0210629s1999 usa||||| |||| 00| 0 eng d aBDDh-ASLcBDDh-ASL a922bCAI 00aCaitanya Caritamrta of Krsnadasa Kaviraja :cA Translation and Commentary by Edward C. Dimock, Jr.  aMassachusetts, USA:bHarvard University Press, c1999.  a1171 p. : c26 cm.  091339aBiography1 94147aDimock, Edward C.  2ddccBK